Japan as Number One : Lessons for America

Bibliographic Details
Main Author: Vogel, Ezra F. (Author)
Format: Book
Language:English
Published: New York, Hagerston : Harper Colophon Books 1979
Subjects:

MARC

LEADER 00000cam a2200000 7i4500
001 0000003994
005 20240930.0
008 991207 nyu eng
020 |a 0060907916 
040 |a INS   |b eng   |e rda 
090 0 0 |a HN723   |b .V63 1979 
100 1 |a Vogel, Ezra F. ,   |e author 
245 1 0 |a Japan as Number One :   |b Lessons for America   |c Ezra F. Vogel 
264 1 |a New York, Hagerston :   |b Harper Colophon Books   |c 1979 
300 |a xi, 272 pages ;   |c 21 cm. 
336 |a text  |2 rdacontent 
337 |a unmediated  |2 rdamedia 
338 |a volume  |2 rdacarrier 
504 |a Includes bibliographical references and index 
650 0 |a Learning   |z Japan 
999 |a 0000001748   |b BOOK   |c Open Shelf   |e Default branch